"Wahrlich, er verdient nicht ein solches Loos"

Titel: "Wahrlich, er verdient nicht ein solches Loos" : Zur Idee der Apothekerversorgung am Beginn des 19. Jahrhunderts - eine Quelle zur Sozialgeschichte der Pharmazie
Verfasser:
In: Geschichte der Pharmazie, Band 48 (1996), Seite 49-55, Abb.
alle Artikel anzeigen
Veröffentlicht: 1996
Format: Aufsatz
Sprache: Deutsch
Kein Bild verfügbar
X
alg: 39164144
001A    $01999:11-11-16 
001B    $01999:25-04-21 $t10:53:27.000 
001C    $06050:19-11-16 $t08:27:38.000 
001D    $01999:11-11-16 
001U    $0utf8 
001X    $00 
002@    $0Aox 
003@    $0391641441 
007A    $0391641441 $aHEB 
007T    $0Herd70938 
010@    $ager 
011@    $a1996 
021A    $a"Wahrlich, er verdient nicht ein solches Loos" $dZur Idee der Apothekerversorgung am Beginn des 19. Jahrhunderts - eine Quelle zur Sozialgeschichte der Pharmazie 
028A    $aSteffens $dRobert 
031A    $d48 $h49-55, Abb. $j1996 
039B    $aIn $8--Abvc--. Geschichte der Pharmazie. - Stuttgart : Dt. Apotheker-Verl., 1949-. - ISSN 0939-334X $x199600000480000951 $9046831002 
045F    $a610.943816 $eDDC23BSB 
045F/01 $a610.9 
045F/03 $g43816 
045T    $aPHARM $qDE-84 $2FID 
045T    $a15,3 

lok: 39164144 78

exp: 39164144 78 1 #EPN
201B/01 $019-04-17 $t10:18:53.000 
201U/01 $0utf8 
203@/01 $0787735957 
208@/01 $a11-11-16 $be 
209A/01 $a/ $f000 $x00 
220C/01 $aTitelaufnehmer: jk 
244Z/01 $2Trx $#Pomeranija $#Pommern $#Pomoransko $#Pomořansko $#Hinterpommern;Vorpommern;Mittelpommern $#Pomorze Środkowe;Pomorze Przednie $#Pomořansko;Západní Pomořany; Pomořany $8--Trx--Pomorze Zachodnie $x01 $9391303775 
244Z/01 $2Trx $8--Trx--Ueckermünde$gKreis $x02 $9391267701 
244Z/01 $2Trx $#Neuwarp Pölitz $8--Trx--Nowe Warpno$gPolice $x03 $9391302396 
244Z/01 $2Trx $8--Trx--Pasewalk $x04 $9391138375 
244Z/01 $aGeschichte 1800-1810 $x05 
244Z/01 $2Trx $#apteekrid $#vaistininkai $#pharmacists $#gyógyszerész $#aptekarze $#lekárnici $#lékárníci $8--Trx--Apotheker $x06 $9391357115 
244Z/01 $2Trx $#farmakoloogia $#farmacija $#Pharmacology $#gyógyszerészet $#farmacja $#lekárnictvo $#farmacie $#Medikamente $#Pharmakologie $#Arzneimittel $#Pharmacology $#leki $#farmakologia $#lieky $8--Trx--Pharmazie $x07 $9391362143 
244Z/01 $2Trx $8--Trx--Zeitschriftenaufsatz $x08 $9391384341 
245Z/01 $a13.02 $x01 
245Z/01 $a09.09 $x02 
247C/01 $82080>Marburg/Lahn, Herder-Institut, Forschungsbibliothek, Bibliographieportal $9336309341
LEADER 00000caa a22000002c 4500
001 391641441
003 DE-603
005 20210425105327.0
007 tu
008 161111s1996 xx |||| | u00||u|ger c
035 |a (DE-599)HEB391641441 
040 |a DE-603  |b ger  |c DE-603  |d DE-603 
041 |a ger 
082 0 4 |8 1\u  |a 610.943816  |q DE-101  |2 23/BSB 
084 |a PHARM  |q DE-84  |2 fid 
084 |a 15,3  |2 ssgn 
085 |8 1\u  |b 610.9 
085 |8 1\u  |z 2  |s 43816 
100 1 |a Steffens, Robert 
245 0 0 |a "Wahrlich, er verdient nicht ein solches Loos"  |b Zur Idee der Apothekerversorgung am Beginn des 19. Jahrhunderts - eine Quelle zur Sozialgeschichte der Pharmazie 
264 0 |c 1996 
773 0 8 |i In  |t Geschichte der Pharmazie  |d Stuttgart : Dt. Apotheker-Verl., 1949-  |x 0939-334X  |g Band 48 (1996), Seite 49-55, Abb.  |w (DE-603)046831002  |w (DE-600)1338-9 
924 0 |9 2080  |a (DE-603)787735957  |b DE-2080  |c HES  |d d  |g /